| 000 | 00907nam a22002297a 4500 | ||
|---|---|---|---|
| 999 |
_c12889 _d12889 |
||
| 003 | AR-CdUCM | ||
| 008 | 190410b ||||| |||| 00| 0 spa d | ||
| 040 |
_aMUNICIPALIDAD PROVINCIAL DEL CUSCO _cBIBLIOTECA MUNICIPAL DEL CUSCO |
||
| 082 |
_aC / 985.612 / _bB37 |
||
| 100 |
_aBéjar Navarro, Raymundo _930992 |
||
| 245 | _aEl templo del sol o Qorikancha / | ||
| 260 |
_aCusco : _bCONCYTEC, _c1990. |
||
| 300 |
_a139 páginas ; _bIlustraciones, _c20.5 cm. |
||
| 505 | _aContenido: Conocimiento del templo -- Las fuentes -- Exploraciones o estudios (1877-1958) -- El templo del sol -- El templo del sol y la arquitectura inka ... | ||
| 650 |
_aArquitectura peruana _918619 |
||
| 650 |
_aArquitectura incaica _98573 |
||
| 650 |
_aQorikancha _930993 |
||
| 650 |
_aépoca prehispánica _92714 |
||
| 710 |
_aConcejo nacional de ciencia y tecnología _917046 |
||
| 942 |
_2ddc _cLIBROS |
||
| 945 |
_aacv _d2019-04-10 |
||